[Event "CFriend CP-2005-P-00022"]
[Site "Chessfriend.com"]
[Date "2005.10.01"]
[Round "1"]
[White "Laliga, Jose Olivier"]
[Black "Baker, Pat"]
[Result "0-1"]
[WhiteElo "1981"]
[BlackElo "1584"]
[PlyCount "44"]
[EventDate "2005.??.??"]
[EventType "tourn (corr)"]
[EventRounds "4"]
[SourceTitle "Corr 2024"]
[Source "ChessBase"]
[SourceDate "2023.10.19"]
[SourceVersion "1"]
[SourceVersionDate "2023.10.19"]
[SourceQuality "1"]

1. e4 d5 2. exd5 Nf6 3. Nf3 Nxd5 4. d4 g6 5. c4 Nb6 6. c5 Nd5 7. Bc4 Bg7 8. Qb3 c6 9. Nc3 e6 10. 0-0 0-0 11. Bg5 Qc7 12. Bh4 Nd7 13. Bg3 Qa5 14. Rfe1 N7f6 15. Nxd5 Nxd5 16. Bd6 Rd8 17. Ne5 Qd2 18. Qf3 f6 19. Nd3 Qg5 20. a4 Bf8 21. Bxf8 Rxf8 22. a5 Rd8 0-1

[Event "CFriend MZ-2004-4-00001 email"]
[Site "Chessfriend.com"]
[Date "2004.08.28"]
[Round "1"]
[White "Laliga, Jose Olivier"]
[Black "Alagna, Luciano"]
[Result "0-1"]
[WhiteElo "1981"]
[BlackElo "2232"]
[PlyCount "58"]
[EventDate "2004.??.??"]
[EventType "tourn (corr)"]
[EventRounds "6"]
[SourceTitle "Corr 2024"]
[Source "ChessBase"]
[SourceDate "2023.10.19"]
[SourceVersion "1"]
[SourceVersionDate "2023.10.19"]
[SourceQuality "1"]

1. e4 c5 2. Nf3 d6 3. Bb5+ Bd7 4. Bxd7+ Qxd7 5. 0-0 Nc6 6. d3 g6 7. Be3 Bg7 8. c3 Nf6 9. h3 0-0 10. Nbd2 b6 11. d4 e6 12. Qe2 cxd4 13. Bxd4 e5 14. Be3 d5 15. Rfd1 h6 16. exd5 Nxd5 17. Nb3 Qe6 18. Rd2 Rad8 19. Rad1 f5 20. Qc4 f4 21. Nc5 bxc5 22. Bxc5 Rf7 23. Rxd5 Rfd7 24. Rxd7 Qxc4 25. Rxd8+ Nxd8 26. Rxd8+ Kh7 27. b4 g5 28. Rd7 Kg6 29. Rxa7 e4 0-1

[Event "CFriend MZ-2004-4-00001 email"]
[Site "Chessfriend.com"]
[Date "2004.08.28"]
[Round "1"]
[White "Laliga, Jose Olivier"]
[Black "Sadowski, Marek"]
[Result "1-0"]
[WhiteElo "1981"]
[BlackElo "1899"]
[PlyCount "79"]
[EventDate "2004.??.??"]
[EventType "tourn (corr)"]
[EventRounds "6"]
[SourceTitle "Corr 2024"]
[Source "ChessBase"]
[SourceDate "2023.10.19"]
[SourceVersion "1"]
[SourceVersionDate "2023.10.19"]
[SourceQuality "1"]

1. Nf3 Nf6 2. c4 c5 3. Nc3 d5 4. cxd5 Nxd5 5. d4 Nxc3 6. bxc3 g6 7. e4 Bg7 8. Bb5+ Nd7 9. 0-0 0-0 10. a4 Qc7 11. a5 Rd8 12. Bc4 Nf8 13. Qb3 Be6 14. d5 Bg4 15. Ng5 Qe5 16. Bd2 h6 17. f4 Qb8 18. Nf3 Nd7 19. h3 Bxf3 20. Rxf3 Kh8 21. Rd3 b6 22. d6 e6 23. e5 bxa5 24. Qa2 Qb6 25. Rb1 Qc6 26. Bb5 Qb7 27. c4 f6 28. Bxa5 fxe5 29. Bxd8 Rxd8 30. Qa5 Nb6 31. fxe5 Bxe5 32. Rbd1 Qf7 33. Qe1 Qf4 34. g3 Qg5 35. Kg2 a6 36. Bxa6 Nd7 37. Bb5 Kg8 38. Qa5 Bf6 39. Rf3 Nf8 40. Rdf1 1-0

[Event "CFriend AP-2004-Q-00014 email"]
[Site "Chessfriend.com"]
[Date "2004.07.10"]
[Round "1"]
[White "Laliga, Jose Olivier"]
[Black "Sygulska, Anna"]
[Result "1-0"]
[WhiteElo "1981"]
[BlackElo "1598"]
[PlyCount "23"]
[EventDate "2004.??.??"]
[EventType "tourn (corr)"]
[EventRounds "12"]
[SourceTitle "Corr 2024"]
[Source "ChessBase"]
[SourceDate "2023.10.19"]
[SourceVersion "1"]
[SourceVersionDate "2023.10.19"]
[SourceQuality "1"]

1. e4 c5 2. Nf3 e6 3. Nc3 a6 4. d4 cxd4 5. Nxd4 d6 6. Be2 Nf6 7. 0-0 Be7 8. Qd3 Nbd7 9. Qg3 0-0 10. Bh6 Ne8 11. Be3 Qc7 12. f4 1-0

[Event "IECG CP.2002.Q.00018 email"]
[Site "IECG email"]
[Date "2003.10.01"]
[Round "?"]
[White "Laliga, Jose Olivier"]
[Black "Rubio Doblas, Francisco Javier"]
[Result "1/2-1/2"]
[WhiteElo "2030"]
[BlackElo "2241"]
[PlyCount "39"]
[EventDate "2003.10.01"]
[EventType "tourn (corr)"]
[EventRounds "10"]
[SourceTitle "Corr 2008"]
[Source "ChessBase"]
[SourceDate "2008.06.24"]
[SourceVersion "1"]
[SourceVersionDate "2008.06.24"]
[SourceQuality "1"]

1. e4 c5 2. Nc3 e6 3. Nf3 a6 4. d4 cxd4 5. Nxd4 Qc7 6. Bd3 Nf6 7. Qe2 d6 8. 0-0 Be7 9. Qf3 0-0 10. Qg3 Nc6 11. Nxc6 bxc6 12. Bh6 Ne8 13. Be3 c5 14. Rad1 Bf6 15. f4 c4 16. Be2 Rb8 17. Rb1 Bb7 18. Bf3 Ba8 19. Nd1 g6 20. b4 1/2-1/2

[Event "IECG CP.2002.Q.00018 email"]
[Site "IECG email"]
[Date "2003.10.01"]
[Round "?"]
[White "Laliga, Jose Olivier"]
[Black "Townsend, John"]
[Result "1/2-1/2"]
[WhiteElo "2030"]
[BlackElo "1931"]
[PlyCount "90"]
[EventDate "2003.10.01"]
[EventType "tourn (corr)"]
[EventRounds "10"]
[SourceTitle "Corr 2008"]
[Source "ChessBase"]
[SourceDate "2008.06.24"]
[SourceVersion "1"]
[SourceVersionDate "2008.06.24"]
[SourceQuality "1"]

1. e4 e6 2. d4 d5 3. Nc3 Nf6 4. e5 Nfd7 5. f4 c5 6. Nf3 Nc6 7. Be3 Qb6 8. a3 cxd4 9. Nxd4 Bc5 10. Ncb5 Nxd4 11. Bxd4 0-0 12. b4 Bxd4 13. Qxd4 Qxd4 14. Nxd4 Nb6 15. Bd3 Bd7 16. Nb3 Rac8 17. Rg1 Rc7 18. Nc5 Rfc8 19. Kd2 Be8 20. g4 Na4 21. Nb3 Nb2 22. Nd4 Ba4 23. Rg3 Nc4+ 24. Bxc4 Rxc4 25. c3 Kf8 26. f5 Bd7 27. Rf1 Kg8 28. h4 Re8 29. f6 a5 30. fxg7 axb4 31. axb4 Ra8 32. h5 Ra2+ 33. Kd3 Rh2 34. Rgf3 Be8 35. Nxe6 fxe6 36. Rf8+ Kxg7 37. Rxe8 Rh3+ 38. Kd2 Rcxc3 39. Re7+ Kh6 40. Rf2 Rb3 41. Rxe6+ Kg5 42. Kc1 Rh1+ 43. Kc2 Rhb1 44. Rd2 R1b2+ 45. Kd1 Rxd2+ 1/2-1/2

[Event "IECG CP.2003.P.00035 email"]
[Site "IECG email"]
[Date "2003.10.01"]
[Round "?"]
[White "Shutov, Andry"]
[Black "Laliga, Jose Olivier"]
[Result "0-1"]
[WhiteElo "1744"]
[BlackElo "2030"]
[PlyCount "46"]
[EventDate "2003.10.01"]
[EventType "tourn (corr)"]
[EventRounds "6"]
[EventCountry "FRA"]
[SourceTitle "Corr 2008"]
[Source "ChessBase"]
[SourceDate "2008.06.24"]
[SourceVersion "1"]
[SourceVersionDate "2008.06.24"]
[SourceQuality "1"]

1. e4 e5 2. f4 exf4 3. Nf3 g5 4. Bc4 g4 5. 0-0 gxf3 6. Qxf3 Qf6 7. e5 Qxe5 8. Bxf7+ Kxf7 9. d4 Qxd4+ 10. Be3 Qg7 11. Qxf4+ Nf6 12. Bd4 Be7 13. Nc3 Rg8 14. Qf3 d6 15. Nd5 Nbd7 16. Nxc7 Qg4 17. Qb3+ d5 18. Qxd5+ Kg6 19. Bxf6 Nxf6 20. Rxf6+ Kxf6 21. Rf1+ Bf5 22. Qe6+ Kg7 23. Qxe7+ Kh6 0-1

[Event "IECG CP.2002.Q.00018 email"]
[Site "IECG email"]
[Date "2003.10.01"]
[Round "?"]
[White "Tong Soen, Kwik"]
[Black "Laliga, Jose Olivier"]
[Result "1-0"]
[WhiteElo "1400"]
[BlackElo "2030"]
[PlyCount "38"]
[EventDate "2003.10.01"]
[EventType "tourn (corr)"]
[EventRounds "10"]
[SourceTitle "Corr 2008"]
[Source "ChessBase"]
[SourceDate "2008.06.24"]
[SourceVersion "1"]
[SourceVersionDate "2008.06.24"]
[SourceQuality "1"]

1. Nf3 Nf6 2. d4 d5 3. Bg5 Qd6 4. c3 Ne4 5. Be3 Nd7 6. g3 Qb6 7. Qb3 Ndf6 8. Nbd2 Qxb3 9. axb3 Ng4 10. Nxe4 dxe4 11. Nd2 Nxe3 12. fxe3 f5 13. h4 e6 14. Bh3 Be7 15. Nc4 h5 16. Kf2 a6 17. Ne5 Bf6 18. Nc4 Bd7 19. Rhd1 g5 1-0

[Event "IECC CL4-2003.21 email"]
[Site "IECC email"]
[Date "2003.09.14"]
[Round "?"]
[White "Manzer, Karl"]
[Black "Laliga, Jose Olivier"]
[Result "0-1"]
[WhiteElo "1603"]
[BlackElo "1585"]
[PlyCount "52"]
[EventDate "2003.??.??"]
[EventType "tourn (corr)"]
[EventRounds "4"]
[SourceTitle "Corr 2008"]
[Source "ChessBase"]
[SourceDate "2008.06.24"]
[SourceVersion "1"]
[SourceVersionDate "2008.06.24"]
[SourceQuality "1"]

1. e4 e5 2. Nf3 Nf6 3. Nxe5 Qe7 4. d4 d6 5. Nf3 Qxe4+ 6. Be2 Be7 7. Nc3 Qg4 8. 0-0 0-0 9. Re1 h6 10. h3 Qd7 11. Bf4 Re8 12. Qd2 Na6 13. a3 c6 14. Bd3 b6 15. Bxh6 Nh7 16. Bf4 Nc7 17. Ng5 Nf8 18. Nce4 Nfe6 19. Nh7 Qd8 20. Nhg5 Qd7 21. c3 Nxf4 22. Qxf4 Qf5 23. Qg3 Ba6 24. Nxd6 Qxd3 25. Re3 Bxd6 26. Rxe8+ Nxe8 0-1

[Event "IECG CB.2003.0.00069 email"]
[Site "IECG email"]
[Date "2003.05.24"]
[Round "?"]
[White "Istomin, Sergei"]
[Black "Laliga, Jose Olivier"]
[Result "0-1"]
[WhiteElo "1810"]
[BlackElo "1984"]
[PlyCount "84"]
[EventDate "2003.01.26"]
[EventType "tourn (corr)"]
[EventRounds "6"]
[SourceTitle "Corr 2008"]
[Source "ChessBase"]
[SourceDate "2008.06.24"]
[SourceVersion "1"]
[SourceVersionDate "2008.06.24"]
[SourceQuality "1"]

1. e4 e5 2. f4 Nc6 3. Nf3 Bc5 4. fxe5 d6 5. exd6 Qxd6 6. c3 Bg4 7. d4 0-0-0 8. Be3 Nf6 9. Qe2 Nxe4 10. dxc5 Qf6 11. Nbd2 Nxd2 12. Bxd2 Rhe8 13. Bg5 Rxe2+ 14. Bxe2 Qe6 15. Bxd8 Bxf3 16. gxf3 Nxd8 17. Rg1 Qe5 18. Rd1 Ne6 19. c6 Qxh2 20. Rg4 a5 21. cxb7+ Kxb7 22. Re4 Qg3+ 23. Kd2 Nf4 24. b4 a4 25. Kc2 f5 26. Re7 Nxe2 27. Rxe2 Qxf3 28. Re7 h5 29. Rdd7 Qg2+ 30. Kd3 Qg3+ 31. Re3 Qh2 32. Rxg7 Qxa2 33. Re5 Qb1+ 34. Kd2 Qf1 35. Rc5 Qf4+ 36. Kc2 h4 37. Rb5+ Ka6 38. Rc5 Qf2+ 39. Kc1 Kb6 40. Rg6+ Kb7 41. Rg7 Qf4+ 42. Kb2 h3 0-1

[Event "IECC CL6-2003.06 email"]
[Site "IECC email"]
[Date "2003.03.22"]
[Round "?"]
[White "Todd, Daniel"]
[Black "Laliga, Jose Olivier"]
[Result "0-1"]
[WhiteElo "1213"]
[BlackElo "1436"]
[PlyCount "34"]
[EventDate "2003.??.??"]
[EventType "tourn (corr)"]
[EventRounds "4"]
[SourceTitle "Corr 2008"]
[Source "ChessBase"]
[SourceDate "2008.06.24"]
[SourceVersion "1"]
[SourceVersionDate "2008.06.24"]
[SourceQuality "1"]

1. e4 e5 2. Nf3 Nc6 3. Nc3 Nf6 4. d4 exd4 5. Nd5 Nxe4 6. Qe2 f5 7. Bg5 Be7 8. h4 h6 9. Bf4 d6 10. 0-0-0 Be6 11. Nxe7 Qxe7 12. Nxd4 Nxd4 13. Rxd4 Bxa2 14. b3 Qf6 15. Qb5+ c6 16. Qa4 Bxb3 17. cxb3 Nc5 0-1

[Event "IECG CB.2003.0.00073 email"]
[Site "IECG email"]
[Date "2003.03.16"]
[Round "?"]
[White "Malmstroem, Jan"]
[Black "Laliga, Jose Olivier"]
[Result "1/2-1/2"]
[WhiteElo "1904"]
[BlackElo "1940"]
[PlyCount "52"]
[EventDate "2003.03.16"]
[EventType "tourn (corr)"]
[EventRounds "6"]
[SourceTitle "Corr 2008"]
[Source "ChessBase"]
[SourceDate "2008.06.24"]
[SourceVersion "1"]
[SourceVersionDate "2008.06.24"]
[SourceQuality "1"]

1. e4 c5 2. Nf3 Nc6 3. d4 cxd4 4. Nxd4 d5 5. exd5 Qxd5 6. Be3 Nf6 7. Nc3 Qa5 8. Bb5 Bd7 9. 0-0 Rd8 10. Nxc6 bxc6 11. Bd3 Qc7 12. h3 Qb7 13. Rb1 Bf5 14. Qe2 Bxd3 15. cxd3 e6 16. b4 Be7 17. Rfc1 0-0 18. Ne4 Nd5 19. Nc5 Bxc5 20. Bxc5 Rfe8 21. d4 Qb5 22. Qf3 a6 23. a3 Qb8 24. Re1 Qf4 25. Qxf4 Nxf4 26. g3 Nd5 1/2-1/2